000 00587nam a22002412a 4500
999 _c7177
_d7177
001 7177
003 BD-JhCC
005 20180205181353.0
008 500101s1949 xx j 000 0 eng d
035 _a(BD-JhCC)7177
040 _aTLM
_dEQO
041 _aeng
082 _a301.540942
_bALL
100 1 _aAllen, Agnes.
245 1 4 _aThe story of your home /
_cAgnes Allen,
260 _aLondon :
_bFaber,
_c[1949]
300 _a184 p
_c21 cm.
500 _aillustrations by Agnes and Jack Allen
650 0 _aDwellings
651 0 _aEngland
942 _2ddc
_cBK